[Event "Marmelopolis op"]
[Site "Marmelopolis"]
[Date "2024.09.07"]
[Round "3"]
[White "De Biaso, Daniel David Rezeck"]
[Black "Fortes, Guilherme Ribeiro"]
[Result "1-0"]
[WhiteElo "1800"]
[BlackElo "1766"]
[PlyCount "75"]
[EventDate "2024.09.06"]
[EventType "swiss"]
[EventRounds "6"]
[EventCountry "BRA"]
[SourceTitle "EXT 2025"]
[Source "ChessBase"]
[SourceDate "2024.10.14"]
[SourceVersion "1"]
[SourceVersionDate "2024.10.14"]
[SourceQuality "1"]

1. c4 e5 2. Nc3 Nf6 3. g3 Bb4 4. Qb3 Nc6 5. Bg2 Nd4 6. Qd1 0-0 7. Nf3 Nc6 8. 0-0 d6 9. Qb3 Be6 10. d3 a6 11. a3 Na5 12. Qxb4 c5 13. Qa4 b5 14. cxb5 Bb3 15. Qh4 Qd7 16. Ng5 h6 17. Bxa8 hxg5 18. Bxg5 Rxa8 19. Bxf6 gxf6 20. Ne4 Qf5 21. Nxd6 Qg6 22. Rac1 axb5 23. Rxc5 Rd8 24. Nc8 Ba4 25. Ne7+ Kg7 26. Nxg6 Nb3 27. Rxe5 fxe5 28. Qxd8 Kxg6 29. Qd6+ f6 30. f4 Nd2 31. Rf2 e4 32. f5+ Kg7 33. dxe4 Nc4 34. Qe7+ Kh6 35. Qxf6+ Kh7 36. Qg6+ Kh8 37. f6 b4 38. Qg7# 1-0